000 00882nam a2200241 a 4500
001 62500
003 BD-RjUL
005 20211209081107.0
008 170124s1970 ii ||||| b||| 00| 0 ben d
020 _c: Tk. 8.00
035 _a(BD-RjUL)62626
040 _aBD-RjUL
_bben
_cBD-RjUL
041 _aben
082 _223
_a370.9
_bDAI 1970
100 _aদাশগুপ্ত, নলিনীভূষণ
_9171779
245 1 0 _aইতিহাস-শিক্ষণ /
_cনলিনীভূষণ দাশগুপ্ত
260 _aকলিকাতা :
_bভারতী বুক ষ্টল,
_c১৯৭০
300 _a[৮], ২৪৮ পৃ. ;
_c২৩ সেমি.
504 _aগ্রন্থপঞ্জি সংযুক্ত
650 _aশিক্ষা
_xইতিহাস
_9185809
650 _aEducation
_xHistory
_9185810
942 _2ddc
_cBK
999 _c62500
_d62500